000 00838nam a2200229 a 4500
001 000204926
003 AM-YeHGA
005 20250617124033.0
008 990211s1984 un |||||||||||||||0|rus|d
040 _aAM-YeHGA
041 0 _arus
100 1 _aВолков, Владимир Акимович
245 1 0 _aХимики :
_bБиографический справочник /
_cВ.А. Волков, Е.В. Вонский, Г.И. Кузнецова ; Отв ред. В.И. Кузнецов.
260 _aКиев :
_bНаукова думка,
_c1984.
300 _a736 с.
650 4 _aХимия
700 1 _aВонский, Евгений Владимирович
700 1 _aКузнецова, Галина Ивановна
700 1 _aКузнецов, В.И.
_eред.
_4edt
942 _2udc
_cBK
090 _c72387
999 _c71179
_d71179